Quiz o Ełku - Statystyki

Ogólne statystyki
  • Ten quiz został rozwiązany 32 razy
  • Średni wynik to 9 z 15
Statystyki odpowiedzi
Pytanie Odpowiedź % Poprawnych
Powiat, w którym Ełk się znajduje: Ełcki
97%
Jak się nazywa najdłuższa rzeka w mieście? Ełk
97%
Tablice rejestracyjne: NEL
93%
Poza Ełkiem jest jeszcze jedno miasto w Polsce na literę "E". Jak się ono nazywa? Elbląg
86%
W jakim leży województwie? Warmińsko-Mazurskie
86%
Jezioro, które znajduje się w Ełku: Jezioro {Ełckie}
76%
Co oznacza skrót "ECK"? Ełckie Centrum Kultury
62%
Najbliższe Parki Narodowe: {Biebrzański} Park Narodowy
55%
Jak się nazywa aktualny prezydent Ełku? Tomasz Mariusz Andrukiewicz
55%
W którym wieku to miasto uzyskało prawa miejskie? XV
45%
Drogi ekspresowe tworzące obwodnicę miasta: S61
41%
Drogi ekspresowe tworzące obwodnicę miasta: S16
38%
Najbliższe Parki Narodowe: {Wigierski} Park Narodowy
38%
Jaki jest numer kierunkowy w tym mieście? 87
24%
Mazurski poeta urodzony w 1858 w Ełku: Michał Kajka
24%
Nie znaleziono quizów pasujących do podanych kryteriów
Rozkład punktacji
Procent ludzi z każdym wynikiem
Percentyl według liczby udzielonych odpowiedzi
Twoja historia wyników
Nie rozwiązałeś tego quizu